Welcome to the Holygrace Academy Library

Please use search bar below to get started

INSTANT FACTS MATHS (Record no. 1225)

MARC details
000 -LEADER
fixed length control field 00360nam a22001457a 4500
020 ## - INTERNATIONAL STANDARD BOOK NUMBER
ISBN 0-00-777862-7
082 ## - DEWEY DECIMAL CLASSIFICATION NUMBER
Classification number 510
Item number COL/I
100 ## - MAIN ENTRY--AUTHOR NAME
Personal name COLLINS
245 ## - TITLE STATEMENT
Title INSTANT FACTS MATHS
Remainder of title A-Z ESSENTIAL FACTS AND DEFINITIONS
250 ## - EDITION STATEMENT
Edition statement FIRST EDITION
260 ## - PUBLICATION, DISTRIBUTION, ETC. (IMPRINT)
Place of publication LONDON
Name of publisher HARPER COLLINS
Year of publication 2006
300 ## - PHYSICAL DESCRIPTION
Number of Pages 155
650 ## - SUBJECT ADDED ENTRY--TOPICAL TERM
Topical Term MATHS REFERENCE
Geographic subdivision INDIA
942 ## - ADDED ENTRY ELEMENTS (KOHA)
Koha item type Books
Holdings
Withdrawn status Lost status Collection code Home library Current library Shelving location Date acquired Source of acquisition Cost, normal purchase price Full call number Accession Number Koha item type
    Reference Main Library Main Library SHELF-5 A REFERENCE MATHS 10/10/2006 purchase 99.00 510 COL/I 02835 Books